LEADER 01480nam a2200349 u 4500 001 000000091605 003 CaOOAMICUS 005 20070226124840.0 008 060323m19789999enk u000 u eng u 020 $a0198720769 (v. 2-3) 035 $a11082632 040 $aPUL(R)$bita 041 0 $aita$hgrc 100 0 $aAristoteles,$d384-322 a.C.$0(OLS)http://pul/name/792 240 10$aDe anima$9(Aristoteles, 384-322 a.C.).$lInglese.$0(OLS)http://pul/title/118215 245 10$aAristotle's De Anima /$ctranslated with introduction and notes by D.W. Hamlyn. 260 $aOxford :$bClarendon,$c<1978>. 300 $av. < 2-3 > ;$c21 cm 490 1 $aClarendon Aristotle series 500 $aInclusi indice e riferimenti bibliografici. 500 $aRistampa della ed. del 1968. 500 $aSul front.: "books II and III (with certain passages from book 1)". 700 1 $aHamlyn, David Walter.$0(OLS)http://pul/name/59092 830 0$aClarendon Aristotle series.$0(OLS)http://pul/title/106238 850 $aPUL 852 $aPUL$W1$xDP1 Fondo Seidl$y56$m1 A 30$j41510$nBK-PRI$b $qFondi$B115357$CPULBib$Z2$F115357 $HPUL91308 $81 900 $aAristotle,$d 384-322 a.C.$9792 900 $aAristotele,$d384-322 a.C.$9792 941 1 $a1 996 $6020$a0198720769 (v. 2-3)$9(OLS)http://pul/number/120111 996 $6245$aAristotle's De Anima$9(OLS)http://pul/title/118216 996 $6260$aOxford :$bClarendon$9(OLS)http://pul/publisher/52259 LEADER 01633nam a2200325 a 4500 001 000000156958 003 CaOOAMICUS 005 20161201110326.0 008 161201s1952 it u000 u lat r 032 $aLibriCat 040 $aPUL$bita 100 1 $aMatanic, Atanasije,$cO.F.M.,$d1922-$0(OLS)http://pul/name/17786 245 10$aDe origine tituli Dalmatiae ac totius Croatiae primas :$bstudium historico-criticum /$cP. Athanasius Matanic, O.F.M. 260 $aRoma :$bPontificio Ateneo Antoniano,$c1952. 300 $aXVI, 87 p. ;$c25 cm. 490 1 $aStudia Antoniana ;$v05 502 $aTesi -- Pontificium Athenaeum Antonianum. Facultas Theologica. 1952. 504 $aBibliografia in nota. 651 4$aCroazia$xStoria ecclesiastica.$0(OLS)http://pul/subject/24879 710 2 $aPontificio Ateneo Antoniano.$bFacoltą di Teologia.$kTesi.$0(OLS)http://pul/name/99830 830 0$aStudia Antoniana ;$v05.$0(OLS)http://pul/title/3417 850 $aPUL 852 $aPUL$W1$xDP1 Tesi Pon. At. Antonianum$y30$mTH ANT TH89$j180243$qTesi$B183368$CPULBib$Z2$F183368 $H17075 $82 910 $aPontificium Athenaeum Antonianum.$bFacultas Theologiae.$kTesi$999830 910 $aPontificia Universitą Antonianum.$bFacoltą di teologia.$kTesi$999830 910 $aPontificia Universitą Antonianum.$bFacoltą di teologia.$kTesi$999830 941 1 $a16 996 $6245$aDe origine tituli Dalmatiae ac totius Croatiae primas :$bstudium historico-criticum$9(OLS)http://pul/title/196557 996 $6260$aRoma :$bPontificio Ateneo Antoniano$9(OLS)http://pul/publisher/85667